000 00952nam a2200253Ia 4500
003 OSt
005 20220923211053.0
006 a|||||r|||| 00| 0
007 ta
008 220922b |||||||| |||| 00| 0 hin d
020 _a8177141880 (hbk)
_c595
024 _a245,271
037 _b376, 11/02/2011, Swaraj Prakashan
_cTextual
040 _aARTS
_cARTS
_bhin
041 _2hin
_ahin
082 _aO152,1180x, P7;P9
100 _aजायसी; शुक्ल, रामचन्द्र, संपा.
_9157860
245 0 _aजायसी गं्रथावली
246 _aJāyasī ganrathāvalī
260 _aनयी दिल्ली
_b प्रकाशन संस्थान
_c2009
300 _a491पृ.
_ccm.
942 _hO152,1180x, P7;P9
_cTEXL
_2CC
999 _c294803
_d294803